书目信息 |
| 题名: |
声学基础
|
|
| 作者: | 杜功焕 著 | |
| 分册: | ||
| 出版信息: | 南京 南京大学出版社 2001 |
|
| 页数: | 15,554页 | |
| 开本: | 20cm | |
| 丛书名: | ||
| 单 册: | ||
| 中图分类: | O42 | |
| 科图分类: | ||
| 主题词: | 声学--基本知识 | |
| 电子资源: | ||
| ISBN: | 7-305-03631-5 | |
| 000 | 00701nam0 2200229 45 | |
| 001 | 012002003182 | |
| 005 | 20050411081609.7 | |
| 010 | @a7-305-03631-5@dCNY25.00 | |
| 100 | @a20020108d2001 em y0chiy0110 ea | |
| 101 | 0 | @achi |
| 102 | @aCN@b320000 | |
| 105 | @ay z 000yy | |
| 200 | 1 | @a声学基础@Asheng xue ji chu@f杜功焕等著@FDu Gong Huan Deng Zhu |
| 205 | @a2版 | |
| 210 | @a南京@c南京大学出版社@d2001 | |
| 215 | @a15,554页@d20cm | |
| 330 | @a本书介绍了声学的基础理论,其中包括声的辐射、传播、接收与散射,并适当地介绍了近期活跃的非线性声学基础理论。 | |
| 606 | 0 | @a声学@x基本知识 |
| 690 | @aO42@v4 | |
| 701 | 0 | @a杜功焕@4著 |
| 801 | 0 | @aCN@bNLC@c20020114 |
| 905 | @f5@b347827-831@dO42@e13=2 | |
| 声学基础/杜功焕等著.-2版.-南京:南京大学出版社,2001 |
| 15,554页;20cm |
| ISBN 7-305-03631-5:CNY25.00 |
| 本书介绍了声学的基础理论,其中包括声的辐射、传播、接收与散射,并适当地介绍了近期活跃的非线性声学基础理论。 |
| ● |
| 相关链接 |
|
|
|
|
正题名:声学基础
索取号:O42/13=2
 
预约/预借
| 序号 | 登录号 | 条形码 | 馆藏地/架位号 | 状态 | 备注 |
| 1 | 0347827 | 203478272 | 第二样本阅览室/ [索取号:O42/13=2] | 在馆 | |
| 2 | 0347828 | 203478281 | 第三借阅区/ [索取号:O42/13=2] | 在馆 | |
| 3 | 0347829 | 203478290 | 第三借阅区/ [索取号:O42/13=2] | 在馆 | |
| 4 | 0347830 | 203478307 | 第三借阅区/ [索取号:O42/13=2] | 在馆 | |
| 5 | 0347831 | 203478316 | 第三借阅区/ [索取号:O42/13=2] | 在馆 |